| 000 | 01027nam a2200289 i 4500 | ||
|---|---|---|---|
| 003 | DO-SdBNP | ||
| 005 | 20250627151916.0 | ||
| 007 | ta | ||
| 008 | 250627r1993 dr ab||| |||| 00| 0 spa d | ||
| 040 |
_aDO-SdBNP _bspa _cBNPHU _erda |
||
| 041 | _hspa | ||
| 082 | 4 |
_axxx _bM778 _222 |
|
| 100 | 1 |
_aMontero, Jenny _eautora _918810 _4aut. |
|
| 245 | 1 | 0 |
_aEspañol y sociales 5º: _bcuaderno de trabajo / _cJenny Montero, Avelino Stanley |
| 264 | 4 |
_a[Santo Domingo] : _bSecretaría de Estado de Educación, Bellas Artes y Cultos, _c1993. |
|
| 300 |
_a60 páginas : _bilustraciones, gráficas ; _c27 cm. |
||
| 336 |
_atexto _btxt _2rdacontent |
||
| 337 |
_asinmediación _bn _2rdamedia |
||
| 338 |
_avolumen _bnc _2rdacarrier |
||
| 500 | _aLa biblioteca posee el cuaderno de trabajo. | ||
| 590 | _aInventariado 2025 / YL | ||
| 650 | 4 |
_aLengua Española _xLibro de Texto _928072 |
|
| 650 | 0 |
_aCiencias sociales _xLibro de Texto _91065 |
|
| 700 | 1 |
_aStanley, Avelino, _d1959- _91536 _eautor _4aut. |
|
| 910 | _aYLlockward | ||
| 942 |
_2ddc _cLBS1 |
||
| 999 |
_c59395 _d59395 |
||